Élimination par catégorie - champions de League of Legends - Statistiques

Statistiques générales
  • Ce quiz a été pris 373 fois
  • Le résultat moyen est 15 sur 20
Statistiques - réponses
Groupe # Catégorie % Correct
Vert 45 Champion se jouant mid
99%
Vert 36 ... avec des dégâts principalement magiques
99%
Vert 17 ... de 5 lettres ou moins
97%
Orange 133 Champion sorti avant 2017
96%
Bleu 98 Champion avec au moins un dash
95%
Orange 55 ... Commençant par O ou après (dans l'ordre alphabétique)
94%
Bleu 62 ... dont l'ulti ne permet pas de dash
91%
Violet 141 Champion utilisant du mana
90%
Violet 67 ... aux dégâts principalement physiques
86%
Vert 8 ... qui contient la lettre E
84%
Violet 29 ... se jouant en botlane
84%
Bleu 21 ... sans aucun sort de contrôle (hors ralentissement)
78%
Orange 13 ... sans mana
77%
Violet 5 ... qui peut devenir invisible
77%
Bleu 10 ... qui attaque au corps à corps
60%
Orange 4 ... se jouant jungle
54%
Violet 1 ... dont le Z(W) a uniquement un passif Vayne
45%
Vert 1 ... sorti en 2023 Hwei
37%
Orange 1 ... venant de Demacia Shyvana
30%
Bleu 1 ... qui contient exactement 4 lettres Gwen
11%
Aucun quiz correspondant
Distribution des résultats
% des personnes avec chaque résultat
Percentile par nombre de réponses
Votre historique - résultats
Vous n’avez pas pris ce quiz